000 00533nam a22002175a 4500
001 002858
003 armpunfd
005 20150625192829.0
008 140806s2002####ag############000#0#und#d
020 _a9502312260
080 _a340.12 G 941
100 1 _aGhibourg, Ricardo.
245 1 0 _aProvocaciones en torno del Derecho
260 _aBuenos Aires :
_bEudeba
_c2002.
300 _a160 P ;
_c23 X 16 Cm.
490 _aDerecho
650 7 _aDerecho
_2LEMB
651 _2LEMB
945 _acd
_d2014-08-06
999 _c3211
_d233715